000 00206nam a22000857a 4500
008 161212b xxu||||| |||| 00| 0 eng d
100 _91997
_aCBSE
245 _aPhysics-XII Q.P.
260 _aNew Delhi
_bSatish
_c2011
999 _c4836
_d4836